1258 1535 1126 1099 1649 1521 1031 1205 1854 1046 1517 1304 1158 1156 1560 1294 1908 1827 1018 2000 1498 1407 1891 1095 1846 1157 1105 1933 1310 1241 1091 1688 1366 1033 1441 1051 1554 1469 1070 1188 1706 1278 1807 1076 1300 1988 1854 1391 1190 1604 1458 1570 1113 1455 1603 1099 1989 1119 1588 1913 1513 1280 1576 1586 1094 1396 1845 1564 1004 1141 1662 1916 1618 1446 1231 1094 1258 1111 1045 1600 1887 1692 1962 1688 1275 1573 1070 1588 1524 1895 1392 1499 1364 1485 1307 1549 1080 1925 1497 BCNSPRNW ULIB Ver.6.0+V

เปลี่ยนเป็นภาษาไทย

Change to English
 แสดงรายละเอียดบรรณานุกรม
  กลับหน้าหลัก

Brief Record : Get Marc (ISO 2709) : E-mail record : QR code < ปิดหน้าต่าง
LEADER : 00000nam 2200000uu 4500
001    13399120951
003     ULIB
008    121029s2550||||th 000 0 tha d
060 04 ^aWR140^bว432ร 2550
100 0  ^aวันทนีย์ บุญบงการ
245 10 ^aความรู้เรื่องโรค:^bโรคทางผิวหนัง /^cโดย วันทนีย์ บุญบงการ
250    ^aพิมพ์ครั้งที่ 1
260    ^aกรุงเทพฯ :^bยูบุ๊ค,^c2550
300    ^a78 หน้า :^bภาพประกอบสี
650  7 ^aโรคทางผิวหนัง
945    ^p0^l0^i16237
995    ^aกัณชพร
999 ^a ใช้งานได้ทุกระบบ
รายการนี้ยังไม่มีแท็ก
คุณยังไม่ได้ล็อกอิน คุณสามารถมีกิจกรรมร่วมกับเว็บไซต์ได้ แต่ต้องล็อกอินก่อน ::
  ล็อกอิน

รายการสื่อสารสนเทศ

ลำดับที่ ประเภท เลขเรียก/บาร์โค้ด สถานที่ สถานะ
1. วิทยาศาสตร์การแพทย์ และสุขภาพ
วิทยาศาสตร์การแพทย์ และสุขภาพ
WR140 ว432ร 2550  
  Barcode: 16237
ห้องสมุดวิทยาเขตสวรรค์ประชารักษ์
►ส่วนจัดเก็บหนังสือเก่า สปร
บนชั้น
  ขอยืม

รายการใกล้เคียง
    ผู้แต่ง [วันทนีย์ บุญบงการ]

    หัวเรื่อง [โรคทางผิวหนัง]

BibComment


ยังไม่เคยถูกคอมเมนท์

คอมเมนท์ทรัพยากรรายการนี้
  คอมเมนท์: ความรู้เรื่องโรค..


 Copyright 2026. Bcnsprnw @Library